|
|
|
|
| LEADER |
01640nam a2200253 i 4500 |
| 001 |
GR-MES13237 |
| 003 |
GR-PaULI |
| 005 |
20250116092313.0 |
| 008 |
070927s2002 gr a g 000 0 gre d |
| 020 |
|
|
|a 9600215790
|
| 040 |
|
|
|a GrPaTEI
|b gre
|c GR-PaULI
|e AACR2
|
| 082 |
0 |
4 |
|a 331.120 42
|2 23
|
| 245 |
0 |
0 |
|a Εργασία και συνοχή :
|b τα εθνικά σχέδια δράσης για την απασχόληση και την κοινωνική ένταξη /
|c επιμέλεια: Αντιγόνη Λυμπεράκη [και] Πλάτων Τήνιος ; προλογίζουν οι Δημήτρης Ρέππας [και] Άννα Διαμαντοπούλου.
|
| 260 |
|
|
|a Αθήνα :
|b Παπαζήση,
|c 2002.
|
| 300 |
|
|
|a 362 σ. :
|b εικ. ;
|c 21 εκ.
|
| 650 |
|
4 |
|a Εργασία και εργαζόμενοι
|z Ελλάδα.
|9 11896
|
| 650 |
|
4 |
|a Απασχόληση (Οικονομική θεωρία)
|9 123839
|
| 700 |
1 |
|
|a Λυμπεράκη Αντιγόνη,
|d 1959-
|e επιμελήτρια.
|
| 700 |
1 |
|
|a Τήνιος, Πλάτων
|9 54552
|e επιμελητής.
|
| 942 |
|
|
|2 ddc
|c BK
|
| 952 |
|
|
|0 0
|1 0
|2 ddc
|4 0
|6 331_120000000000000_42_ΕΡΓ
|7 0
|9 271743
|a MSLG
|b MSLG
|c BSC
|d 2021-01-17
|e 24
|f 0
|g 0.00
|i 22652
|l 0
|o 331.120 42 ΕΡΓ
|p 2420000022652
|r 2021-01-17 00:00:00
|t 1
|w 2021-01-17
|y BK15
|x 20070927 0 ΜΑΤΣΙΩΡΗ 1
|x GrPaTEI
|
| 952 |
|
|
|0 0
|1 0
|2 ddc
|4 0
|6 331_120000000000000_42_ΕΡΓ
|7 0
|9 271744
|a MSLG
|b MSLG
|c BSC
|d 2021-01-17
|e 24
|f 0
|g 0.00
|i 22653
|l 0
|o 331.120 42 ΕΡΓ
|p 2420000022653
|r 2021-01-17 00:00:00
|t 2
|w 2021-01-17
|y BK15
|x 20070927 0 ΜΑΤΣΙΩΡΗ 1
|x GrPaTEI
|
| 998 |
|
|
|c ΒΑΣΙΛΕΙΟΥ
|d 2025-01
|
| 999 |
|
|
|c 157022
|d 157022
|